[Event "Baku Chess Olympiad | Open"]
[Site "chess24.com"]
[Date "2016.09.04"]
[Round "3"]
[White "Adu, Oladapo"]
[Black "Barcenilla, Rogelio"]
[Result "0-1"]
[Board "3"]
[WhiteID "8500258"]
[WhiteElo "2334"]
[WhiteTitle "IM"]
[WhiteCountry "NGR"]
[WhiteFideId "8500258"]
[WhiteEloChange "-7"]
[BlackID "5200059"]
[BlackElo "2455"]
[BlackTitle "GM"]
[BlackCountry "PHI"]
[BlackFideId "5200059"]
[BlackEloChange "3"]

1. Nf3 {[%clk 1:30:46]} Nf6 {[%clk 1:30:47]} 2. g3 {[%clk 1:31:05]} g6 {[%clk
1:31:10]} 3. Bg2 {[%clk 1:31:30]} Bg7 {[%clk 1:31:33]} 4. O-O {[%clk 1:31:51]}
O-O {[%clk 1:31:57]} 5. d3 {[%clk 1:32:11]} d5 {[%clk 1:30:37]} 6. Nbd2 {[%clk
1:32:28]} c5 {[%clk 1:30:52]} 7. e4 {[%clk 1:32:49]} Nc6 {[%clk 1:31:15]} 8. Re1
{[%clk 1:33:07]} h6 {[%clk 1:29:56]} 9. c3 {[%clk 1:31:56]} d4 {[%clk 1:25:32]}
10. cxd4 {[%clk 1:19:48]} cxd4 {[%clk 1:24:47]} 11. Nc4 {[%clk 1:20:03]} Be6
{[%clk 1:21:18]} 12. b3 {[%clk 1:17:07]} Nd7 {[%clk 1:18:50]} 13. Bb2 {[%clk
1:14:03]} b5 {[%clk 1:15:23]} 14. Na3 {[%clk 1:10:14]} Qb6 {[%clk 1:15:38]} 15.
Rc1 {[%clk 1:09:38]} Nb4 {[%clk 1:06:39]} 16. Ra1 {[%clk 1:09:47]} Nc5 {[%clk
1:01:09]} 17. Bf1 {[%clk 1:09:30]} Rfd8 {[%clk 0:58:39]} 18. Qd2 {[%clk 1:08:15]}
Nxa2 {[%clk 0:50:14]} 19. Rxa2 {[%clk 1:07:26]} Bxb3 {[%clk 0:50:27]} 20. Raa1
{[%clk 1:07:45]} e5 {[%clk 0:50:32]} 21. Be2 {[%clk 0:47:50]} b4 {[%clk 0:49:33]}
22. Nc2 {[%clk 0:44:08]} a5 {[%clk 0:49:31]} 23. Nh4 {[%clk 0:38:00]} Rdc8 {[%clk
0:38:45]} 24. Bg4 {[%clk 0:37:00]} Nxe4 {[%clk 0:37:06]} 25. Qe2 {[%clk 0:33:25]}
Nc3 {[%clk 0:32:58]} 26. Qd2 {[%clk 0:32:34]} Rc7 {[%clk 0:20:28]} 27. Bxc3
{[%clk 0:29:14]} dxc3 {[%clk 0:20:46]} 28. Qe3 {[%clk 0:29:20]} Qb8 {[%clk
0:17:47]} 29. Bd1 {[%clk 0:28:27]} Bd5 {[%clk 0:14:57]} 30. Nf3 {[%clk 0:25:23]}
b3 {[%clk 0:13:24]} 31. Nxe5 {[%clk 0:25:16]} b2 {[%clk 0:12:59]} 32. Rb1 {[%clk
0:25:29]} Ba2 {[%clk 0:12:51]} 33. Bf3 {[%clk 0:25:52]} Bxb1 {[%clk 0:13:04]} 34.
Rxb1 {[%clk 0:26:11]} Qb3 {[%clk 0:13:07]} 35. Bxa8 {[%clk 0:21:29]} Qxc2 {[%clk
0:13:22]} 36. Rf1 {[%clk 0:21:26]} b1Q {[%clk 0:13:29]} 37. Bd5 {[%clk 0:20:51]}
Bxe5 {[%clk 0:12:22]} 38. Qxe5 {[%clk 0:21:08]} Qb6 {[%clk 0:12:41]} 39. Qe8+
{[%clk 0:19:46]} Kg7 {[%clk 0:12:59]} 40. Qe5+ {[%clk 0:50:00]} Kh7 {[%clk
0:43:19]} 41. Qe4 {[%clk 0:39:24]} Qd2 {[%clk 0:43:11]} 42. Qe8 {[%clk 0:39:23]}
Qf6 {[%clk 0:43:16]} 43. h4 {[%clk 0:39:07]} c2 {[%clk 0:43:19]} 44. h5 {[%clk
0:39:30]} c1Q {[%clk 0:42:30]} 45. hxg6+ {[%clk 0:39:58]} 0-1

[Event "Baku Chess Olympiad | Open"]
[Site "chess24.com"]
[Date "2016.09.04"]
[Round "3"]
[White "Abdulwahhab, Ahmed Abdulsattar A"]
[Black "Sands, David A"]
[Result "1-0"]
[Board "4"]
[WhiteID "4801849"]
[WhiteElo "2236"]
[WhiteTitle "FM"]
[WhiteCountry "IRQ"]
[WhiteFideId "4801849"]
[WhiteEloChange "7"]
[BlackID "402060"]
[BlackElo "2122"]
[BlackCountry "WLS"]
[BlackFideId "402060"]
[BlackEloChange "-7"]

1. e4 {[%clk 1:30:55]} c5 {[%clk 1:30:50]} 2. Nf3 {[%clk 1:31:15]} e6 {[%clk
1:31:10]} 3. d4 {[%clk 1:30:50]} cxd4 {[%clk 1:31:33]} 4. Nxd4 {[%clk 1:31:12]}
Nc6 {[%clk 1:31:37]} 5. Nc3 {[%clk 1:30:15]} Qc7 {[%clk 1:31:15]} 6. Be3 {[%clk
1:29:10]} a6 {[%clk 1:30:52]} 7. Bd3 {[%clk 1:26:47]} Nf6 {[%clk 1:30:55]} 8. O-O
{[%clk 1:27:00]} Ne5 {[%clk 1:30:31]} 9. h3 {[%clk 1:26:44]} Bc5 {[%clk 1:30:19]}
10. Kh1 {[%clk 1:25:48]} d6 {[%clk 1:26:54]} 11. f4 {[%clk 1:25:49]} Nc6 {[%clk
0:55:53]} 12. e5 {[%clk 1:02:37]} Nxe5 {[%clk 0:38:42]} 13. fxe5 {[%clk 1:02:05]}
dxe5 {[%clk 0:39:02]} 14. Bb5+ {[%clk 0:51:34]} Kf8 {[%clk 0:35:20]} 15. Nf5
{[%clk 0:45:38]} Bxe3 {[%clk 0:30:51]} 16. Nxe3 {[%clk 0:42:35]} axb5 {[%clk
0:29:59]} 17. Nxb5 {[%clk 0:42:47]} Qb6 {[%clk 0:28:24]} 18. a4 {[%clk 0:39:42]}
Bd7 {[%clk 0:26:42]} 19. Nc4 {[%clk 0:36:42]} Qc5 {[%clk 0:26:28]} 20. Qd6+
{[%clk 0:30:50]} Qxd6 {[%clk 0:26:45]} 21. Nbxd6 {[%clk 0:31:05]} Ke7 {[%clk
0:19:51]} 22. Nxb7 {[%clk 0:24:46]} Rxa4 {[%clk 0:18:00]} 23. Nxe5 {[%clk
0:23:50]} Rxa1 {[%clk 0:17:53]} 24. Rxa1 {[%clk 0:24:11]} Rc8 {[%clk 0:17:05]}
25. c4 {[%clk 0:21:45]} Rc7 {[%clk 0:15:31]} 26. Na5 {[%clk 0:22:05]} Be8 {[%clk
0:09:39]} 27. b4 {[%clk 0:22:13]} Ne4 {[%clk 0:08:59]} 28. b5 {[%clk 0:22:17]} f6
{[%clk 0:07:21]} 29. b6 {[%clk 0:22:29]} fxe5 {[%clk 0:06:41]} 30. bxc7 {[%clk
0:22:51]} Kd7 {[%clk 0:07:04]} 31. Re1 {[%clk 0:22:02]} Nf2+ {[%clk 0:06:33]} 32.
Kg1 {[%clk 0:22:21]} Nd3 {[%clk 0:06:57]} 33. Rb1 {[%clk 0:20:32]} Kxc7 {[%clk
0:06:19]} 34. Rb7+ {[%clk 0:20:53]} Kd6 {[%clk 0:06:39]} 35. Rxg7 {[%clk
0:21:10]} e4 {[%clk 0:05:07]} 36. Kf1 {[%clk 0:19:07]} Ke5 {[%clk 0:02:18]} 37.
Rxh7 {[%clk 0:17:41]} Ba4 {[%clk 0:02:13]} 38. Ke2 {[%clk 0:16:25]} Kd4 {[%clk
0:01:35]} 39. Rh4 {[%clk 0:14:03]} Nc5 {[%clk 0:00:38]} 40. Rg4 {[%clk 0:41:28]}
Kc3 {[%clk 0:30:37]} 41. Ke3 {[%clk 0:41:16]} Kb4 {[%clk 0:26:45]} 42. Rg5 {[%clk
0:37:29]} Bc2 {[%clk 0:19:38]} 43. h4 {[%clk 0:37:17]} Nd3 {[%clk 0:19:12]} 44.
h5 {[%clk 0:36:27]} e5 {[%clk 0:19:36]} 45. h6 {[%clk 0:36:30]} Kxa5 {[%clk
0:19:59]} 46. h7 {[%clk 0:36:50]} Kb4 {[%clk 0:20:00]} 47. h8Q {[%clk 0:37:05]}
Kxc4 {[%clk 0:20:23]} 48. Rxe5 {[%clk 0:37:08]} 1-0

[Event "Baku Chess Olympiad | Open"]
[Site "chess24.com"]
[Date "2016.09.04"]
[Round "3"]
[White "Saltos Velez, Adrian"]
[Black "Johnson, Joshua"]
[Result "0-1"]
[Board "4"]
[WhiteID "3604594"]
[WhiteElo "2088"]
[WhiteCountry "ECU"]
[WhiteFideId "3604594"]
[WhiteEloChange "-9"]
[BlackID "7700768"]
[BlackElo "2119"]
[BlackTitle "FM"]
[BlackCountry "TTO"]
[BlackFideId "7700768"]
[BlackEloChange "9"]

1. Nf3 {[%clk 1:30:42]} Nf6 {[%clk 1:30:56]} 2. g3 {[%clk 1:30:18]} g6 {[%clk
1:31:23]} 3. Bg2 {[%clk 1:30:39]} Bg7 {[%clk 1:31:49]} 4. O-O {[%clk 1:30:16]}
O-O {[%clk 1:31:52]} 5. c4 {[%clk 1:28:22]} Nc6 {[%clk 1:30:42]} 6. Nc3 {[%clk
1:25:54]} a6 {[%clk 1:27:13]} 7. Rb1 {[%clk 1:17:06]} d5 {[%clk 1:23:16]} 8. cxd5
{[%clk 0:59:41]} Nxd5 {[%clk 1:23:39]} 9. Nxd5 {[%clk 0:58:49]} Qxd5 {[%clk
1:24:05]} 10. b3 {[%clk 0:58:29]} Qc5 {[%clk 1:06:20]} 11. Bb2 {[%clk 0:54:53]}
e5 {[%clk 0:51:42]} 12. d3 {[%clk 0:51:28]} Rd8 {[%clk 0:49:35]} 13. Nd2 {[%clk
0:48:43]} Nd4 {[%clk 0:46:36]} 14. Rc1 {[%clk 0:46:21]} Qe7 {[%clk 0:43:01]} 15.
e3 {[%clk 0:38:12]} Nb5 {[%clk 0:31:37]} 16. a4 {[%clk 0:36:57]} Na7 {[%clk
0:30:27]} 17. Qc2 {[%clk 0:36:09]} c6 {[%clk 0:23:46]} 18. Nc4 {[%clk 0:33:39]}
Bf5 {[%clk 0:22:38]} 19. Rfd1 {[%clk 0:32:48]} Qc7 {[%clk 0:18:34]} 20. Bc3
{[%clk 0:26:40]} Rab8 {[%clk 0:15:32]} 21. Ba5 {[%clk 0:20:44]} b6 {[%clk
0:15:54]} 22. Be1 {[%clk 0:21:05]} a5 {[%clk 0:13:53]} 23. Be4 {[%clk 0:18:39]}
Bg4 {[%clk 0:11:27]} 24. Rd2 {[%clk 0:16:52]} c5 {[%clk 0:09:20]} 25. Na3 {[%clk
0:15:19]} Nc6 {[%clk 0:08:49]} 26. Nb5 {[%clk 0:12:19]} Qd7 {[%clk 0:07:55]} 27.
f3 {[%clk 0:03:29]} Be6 {[%clk 0:07:43]} 28. Bxc6 {[%clk 0:03:35]} Qxc6 {[%clk
0:08:05]} 29. Qd1 {[%clk 0:03:24]} Bh6 {[%clk 0:06:54]} 30. Kf2 {[%clk 0:02:07]}
Bd7 {[%clk 0:04:15]} 31. d4 {[%clk 0:01:46]} exd4 {[%clk 0:04:31]} 32. Nxd4
{[%clk 0:01:37]} cxd4 {[%clk 0:04:20]} 33. Rxc6 {[%clk 0:01:30]} dxe3+ {[%clk
0:04:39]} 34. Kg1 {[%clk 0:01:03]} exd2 {[%clk 0:04:53]} 35. Rd6 {[%clk 0:01:11]}
dxe1Q+ {[%clk 0:04:36]} 36. Qxe1 {[%clk 0:01:38]} Rbc8 {[%clk 0:02:44]} 37. Qe2
{[%clk 0:00:41]} Bf8 {[%clk 0:02:02]} 38. Rd1 {[%clk 0:00:58]} Be6 {[%clk
0:02:07]} 39. Rxd8 {[%clk 0:01:04]} Rxd8 {[%clk 0:02:33]} 40. Qc2 {[%clk
0:31:22]} Bb4 {[%clk 0:32:33]} 41. Qc7 {[%clk 0:30:53]} Rc8 {[%clk 0:27:24]} 42.
Qb7 {[%clk 0:30:59]} h5 {[%clk 0:27:09]} 43. Kf1 {[%clk 0:31:06]} Rc2 {[%clk
0:27:15]} 0-1

[Event "Baku Chess Olympiad | Open"]
[Site "chess24.com"]
[Date "2016.09.04"]
[Round "3"]
[White "De La Riva Aguado, Oscar"]
[Black "Khusenkhojaev, Muhammad"]
[Result "1/2-1/2"]
[Board "2"]
[WhiteID "6900224"]
[WhiteElo "2503"]
[WhiteTitle "GM"]
[WhiteCountry "AND"]
[WhiteFideId "6900224"]
[WhiteEloChange "-1"]
[BlackID "14700247"]
[BlackElo "2436"]
[BlackTitle "IM"]
[BlackCountry "TJK"]
[BlackFideId "14700247"]
[BlackEloChange "1"]

1. e4 {[%clk 1:30:56]} e5 {[%clk 1:30:52]} 2. Nf3 {[%clk 1:30:48]} Nc6 {[%clk
1:31:15]} 3. d4 {[%clk 1:30:40]} exd4 {[%clk 1:31:34]} 4. Nxd4 {[%clk 1:31:02]}
Bb4+ {[%clk 1:31:35]} 5. c3 {[%clk 1:30:37]} Bc5 {[%clk 1:31:58]} 6. Be3 {[%clk
1:27:54]} Bb6 {[%clk 1:32:18]} 7. g3 {[%clk 1:14:53]} Nge7 {[%clk 1:31:26]} 8.
Bg2 {[%clk 1:14:45]} O-O {[%clk 1:30:15]} 9. O-O {[%clk 1:09:38]} d5 {[%clk
1:26:15]} 10. exd5 {[%clk 1:05:00]} Nxd5 {[%clk 1:25:36]} 11. Nxc6 {[%clk
0:57:25]} bxc6 {[%clk 1:25:56]} 12. Bd4 {[%clk 0:49:39]} Be6 {[%clk 1:24:28]} 13.
c4 {[%clk 0:41:57]} Bxd4 {[%clk 1:17:32]} 14. Qxd4 {[%clk 0:41:08]} Ne7 {[%clk
1:12:54]} 15. Qc3 {[%clk 0:31:43]} Nf5 {[%clk 1:11:43]} 16. Nd2 {[%clk 0:28:55]}
Qd4 {[%clk 1:08:36]} 17. Rac1 {[%clk 0:25:36]} Rad8 {[%clk 0:58:31]} 18. Ne4
{[%clk 0:23:20]} h6 {[%clk 0:50:10]} 19. Rfe1 {[%clk 0:21:15]} Rfe8 {[%clk
0:41:39]} 20. h3 {[%clk 0:18:37]} Qxc3 {[%clk 0:23:21]} 21. Rxc3 {[%clk 0:18:53]}
Kf8 {[%clk 0:23:31]} 22. Nc5 {[%clk 0:15:37]} Nd4 {[%clk 0:12:57]} 23. Kf1 {[%clk
0:13:10]} Bf5 {[%clk 0:08:03]} 24. Rxe8+ {[%clk 0:04:33]} Rxe8 {[%clk 0:08:31]}
25. g4 {[%clk 0:03:21]} Bb1 {[%clk 0:07:52]} 26. a3 {[%clk 0:02:30]} g5 {[%clk
0:04:47]} 27. Rc1 {[%clk 0:02:08]} Ba2 {[%clk 0:04:08]} 28. Be4 {[%clk 0:01:41]}
a5 {[%clk 0:01:31]} 29. f3 {[%clk 0:01:49]} Kg7 {[%clk 0:01:28]} 30. b4 {[%clk
0:01:17]} axb4 {[%clk 0:01:09]} 31. axb4 {[%clk 0:01:41]} Rb8 {[%clk 0:00:52]}
32. Nd3 {[%clk 0:01:31]} Bb3 {[%clk 0:00:37]} 33. Kf2 {[%clk 0:00:37]} Bc2 {[%clk
0:01:06]} 34. Ke3 {[%clk 0:00:37]} Bxd3 {[%clk 0:01:35]} 35. Kxd3 {[%clk
0:00:57]} Ne6 {[%clk 0:01:48]} 36. Kc3 {[%clk 0:00:39]} c5 {[%clk 0:01:15]} 37.
bxc5 {[%clk 0:00:33]} Nxc5 {[%clk 0:01:31]} 38. Bd5 {[%clk 0:00:42]} Rb3+ {[%clk
0:00:52]} 39. Kc2 {[%clk 0:00:33]} Ra3 {[%clk 0:00:43]} 40. Re1 {[%clk 0:30:44]}
Nd3 {[%clk 0:30:37]} 41. Re7 {[%clk 0:22:01]} Nb4+ {[%clk 0:30:21]} 42. Kd2
{[%clk 0:22:25]} Nxd5 {[%clk 0:29:05]} 43. cxd5 {[%clk 0:22:43]} Rxf3 {[%clk
0:28:50]} 44. Rxc7 {[%clk 0:23:08]} Rxh3 {[%clk 0:21:15]} 45. d6 {[%clk 0:23:19]}
Kf6 {[%clk 0:21:31]} 46. d7 {[%clk 0:23:08]} Ke7 {[%clk 0:21:54]} 47. d8Q+ {[%clk
0:23:32]} Kxd8 {[%clk 0:22:18]} 48. Rxf7 {[%clk 0:23:56]} Rh4 {[%clk 0:19:37]}
49. Rh7 {[%clk 0:24:08]} Rxg4 {[%clk 0:17:05]} 50. Rxh6 {[%clk 0:23:59]} Ke7
{[%clk 0:17:19]} 51. Ke3 {[%clk 0:23:49]} Rf4 {[%clk 0:17:30]} 52. Rg6 {[%clk
0:23:58]} Rf5 {[%clk 0:17:23]} 53. Ke4 {[%clk 0:24:11]} Rf4+ {[%clk 0:17:40]}
1/2-1/2

[Event "Baku Chess Olympiad | Open"]
[Site "chess24.com"]
[Date "2016.09.04"]
[Round "3"]
[White "Ameku, Philip Elikem"]
[Black "Theocharous, Stelios"]
[Result "0-1"]
[Board "3"]
[WhiteID "12600326"]
[WhiteElo "1914"]
[WhiteCountry "GHA"]
[WhiteFideId "12600326"]
[WhiteEloChange "-6"]
[BlackID "5901545"]
[BlackElo "2065"]
[BlackCountry "CYP"]
[BlackFideId "5901545"]
[BlackEloChange "6"]

1. e4 {[%clk 1:30:48]} c5 {[%clk 1:30:55]} 2. Nc3 {[%clk 1:31:10]} Nc6 {[%clk
1:31:15]} 3. f4 {[%clk 1:31:25]} e6 {[%clk 1:31:33]} 4. Nf3 {[%clk 1:31:46]} Nge7
{[%clk 1:31:57]} 5. d4 {[%clk 1:31:41]} cxd4 {[%clk 1:32:16]} 6. Nxd4 {[%clk
1:32:08]} Nxd4 {[%clk 1:32:37]} 7. Qxd4 {[%clk 1:32:32]} Nc6 {[%clk 1:33:02]} 8.
Qf2 {[%clk 1:32:34]} d5 {[%clk 1:33:11]} 9. e5 {[%clk 1:28:37]} Be7 {[%clk
1:23:17]} 10. Be2 {[%clk 1:27:08]} O-O {[%clk 1:22:37]} 11. O-O {[%clk 1:26:44]}
f6 {[%clk 1:18:59]} 12. Qg3 {[%clk 1:25:37]} Bc5+ {[%clk 1:09:11]} 13. Kh1 {[%clk
1:25:39]} Nd4 {[%clk 1:07:07]} 14. Qd3 {[%clk 1:20:28]} Nxe2 {[%clk 0:53:56]} 15.
Qxe2 {[%clk 1:19:52]} fxe5 {[%clk 0:49:46]} 16. Qxe5 {[%clk 1:14:49]} Rf5 {[%clk
0:46:46]} 17. Qe1 {[%clk 1:13:31]} Bd7 {[%clk 0:45:00]} 18. Bd2 {[%clk 1:11:25]}
Qe7 {[%clk 0:41:20]} 19. Ne2 {[%clk 1:10:04]} Bc6 {[%clk 0:36:01]} 20. Bc3 {[%clk
1:09:06]} Raf8 {[%clk 0:30:27]} 21. Be5 {[%clk 1:05:40]} Bb5 {[%clk 0:24:29]} 22.
c3 {[%clk 1:05:11]} Rh5 {[%clk 0:21:22]} 23. Rf3 {[%clk 1:04:12]} Rhf5 {[%clk
0:12:09]} 24. Nd4 {[%clk 1:02:43]} Bxd4 {[%clk 0:10:53]} 25. cxd4 {[%clk
1:03:07]} Rc8 {[%clk 0:10:38]} 26. Rc3 {[%clk 1:03:08]} Rff8 {[%clk 0:10:20]} 27.
Rac1 {[%clk 1:03:34]} Bd7 {[%clk 0:08:16]} 28. Rc7 {[%clk 1:03:22]} Rxc7 {[%clk
0:06:08]} 29. Rxc7 {[%clk 1:03:32]} Rc8 {[%clk 0:02:52]} 30. Qc3 {[%clk 1:03:59]}
Qd8 {[%clk 0:02:13]} 31. h3 {[%clk 1:03:56]} Rxc7 {[%clk 0:02:23]} 32. Bxc7
{[%clk 1:03:59]} Qe7 {[%clk 0:01:40]} 33. Be5 {[%clk 1:04:06]} Bc6 {[%clk
0:01:28]} 34. Qa5 {[%clk 1:03:50]} a6 {[%clk 0:01:29]} 35. Qb6 {[%clk 1:04:17]}
h6 {[%clk 0:01:37]} 36. a3 {[%clk 1:04:11]} Qf7 {[%clk 0:01:19]} 37. Qd8+ {[%clk
1:04:21]} Kh7 {[%clk 0:01:38]} 38. Kh2 {[%clk 1:04:25]} Bb5 {[%clk 0:01:44]} 39.
Qh4 {[%clk 1:04:27]} Qg6 {[%clk 0:01:14]} 40. Qe7 {[%clk 1:34:16]} Bf1 {[%clk
0:31:00]} 41. Qxg7+ {[%clk 1:27:47]} Qxg7 {[%clk 0:30:23]} 42. Bxg7 {[%clk
1:25:41]} Kxg7 {[%clk 0:29:04]} 43. g4 {[%clk 1:24:56]} Kg6 {[%clk 0:27:15]} 44.
Kg3 {[%clk 1:24:41]} h5 {[%clk 0:23:29]} 45. Kh4 {[%clk 1:24:51]} Be2 {[%clk
0:23:23]} 46. Kg3 {[%clk 1:25:03]} Bd1 {[%clk 0:22:53]} 47. Kh4 {[%clk 1:25:30]}
a5 {[%clk 0:22:03]} 48. Kg3 {[%clk 1:25:44]} b5 {[%clk 0:21:47]} 49. Kh4 {[%clk
1:26:11]} b4 {[%clk 0:21:30]} 50. axb4 {[%clk 1:25:58]} axb4 {[%clk 0:21:56]} 51.
Kg3 {[%clk 1:26:14]} hxg4 {[%clk 0:17:31]} 52. hxg4 {[%clk 1:26:39]} Kf6 {[%clk
0:17:57]} 53. Kh4 {[%clk 1:26:47]} Ke7 {[%clk 0:17:51]} 54. Kg5 {[%clk 1:26:53]}
Kd6 {[%clk 0:17:29]} 55. Kh5 {[%clk 1:27:10]} Kc6 {[%clk 0:15:46]} 56. Kh4 {[%clk
1:27:29]} Bc2 {[%clk 0:13:32]} 57. Kh5 {[%clk 1:27:34]} Kb5 {[%clk 0:07:24]} 58.
Kg5 {[%clk 1:26:56]} Kc4 {[%clk 0:04:05]} 59. Kf6 {[%clk 1:27:11]} Kxd4 {[%clk
0:04:18]} 60. Kxe6 {[%clk 1:27:32]} Kc5 {[%clk 0:03:27]} 61. f5 {[%clk 1:28:00]}
d4 {[%clk 0:03:41]} 62. f6 {[%clk 1:27:02]} d3 {[%clk 0:04:00]} 63. g5 {[%clk
1:27:02]} d2 {[%clk 0:04:06]} 64. f7 {[%clk 1:26:41]} Bb3+ {[%clk 0:04:00]} 65.
Ke7 {[%clk 1:27:09]} Bxf7 {[%clk 0:04:21]} 66. Kxf7 {[%clk 1:27:36]} d1Q {[%clk
0:04:40]} 67. g6 {[%clk 1:28:01]} Qf3+ {[%clk 0:04:59]} 68. Kg8 {[%clk 1:28:18]}
Kd6 {[%clk 0:05:15]} 69. g7 {[%clk 1:28:46]} Ke7 {[%clk 0:05:23]} 70. Kh7 {[%clk
1:29:14]} Qh5+ {[%clk 0:05:37]} 71. Kg8 {[%clk 1:29:34]} Kf6 {[%clk 0:05:39]} 72.
Kf8 {[%clk 1:29:54]} Qh6 {[%clk 0:05:55]} 0-1

[Event "Baku Chess Olympiad | Open"]
[Site "chess24.com"]
[Date "2016.09.04"]
[Round "3"]
[White "Antoniou, Antonis"]
[Black "Thompson, Edward Nii Lamptey"]
[Result "1-0"]
[Board "4"]
[WhiteID "5900123"]
[WhiteElo "2172"]
[WhiteTitle "FM"]
[WhiteCountry "CYP"]
[WhiteFideId "5900123"]
[WhiteEloChange "3"]
[BlackID "12600113"]
[BlackElo "1889"]
[BlackTitle "CM"]
[BlackCountry "GHA"]
[BlackFideId "12600113"]
[BlackEloChange "-3"]

1. e4 {[%clk 1:30:59]} e6 {[%clk 1:30:46]} 2. d3 {[%clk 1:31:15]} d5 {[%clk
1:30:41]} 3. Nd2 {[%clk 1:31:39]} dxe4 {[%clk 1:30:52]} 4. dxe4 {[%clk 1:32:01]}
e5 {[%clk 1:31:01]} 5. Ngf3 {[%clk 1:32:03]} Nd7 {[%clk 1:31:16]} 6. Bc4 {[%clk
1:31:05]} Bd6 {[%clk 1:30:26]} 7. O-O {[%clk 1:28:59]} Ngf6 {[%clk 1:30:50]} 8.
Re1 {[%clk 1:24:55]} O-O {[%clk 1:31:14]} 9. Nf1 {[%clk 1:24:16]} h6 {[%clk
1:22:52]} 10. Ng3 {[%clk 1:24:07]} Nb6 {[%clk 1:22:53]} 11. Bb3 {[%clk 1:22:10]}
c5 {[%clk 1:23:08]} 12. c3 {[%clk 1:21:48]} c4 {[%clk 1:17:12]} 13. Bc2 {[%clk
1:20:56]} Be6 {[%clk 1:17:21]} 14. h3 {[%clk 1:14:54]} Bc7 {[%clk 1:17:05]} 15.
Qe2 {[%clk 1:15:16]} Qe8 {[%clk 1:16:45]} 16. Nh4 {[%clk 1:14:58]} Kh7 {[%clk
1:17:00]} 17. Nhf5 {[%clk 1:08:15]} Ng8 {[%clk 1:16:36]} 18. Rd1 {[%clk 0:44:52]}
f6 {[%clk 1:09:33]} 19. Be3 {[%clk 0:41:39]} Qc6 {[%clk 1:08:57]} 20. Rd2 {[%clk
0:31:57]} Rad8 {[%clk 1:09:21]} 21. Rad1 {[%clk 0:32:04]} g6 {[%clk 1:05:45]} 22.
Rxd8 {[%clk 0:30:12]} Rxd8 {[%clk 1:06:07]} 23. Rxd8 {[%clk 0:30:16]} Bxd8 {[%clk
1:06:19]} 24. Nxh6 {[%clk 0:29:59]} Nxh6 {[%clk 1:05:31]} 25. Bxh6 {[%clk
0:30:26]} Kxh6 {[%clk 0:53:11]} 26. Qd2+ {[%clk 0:28:26]} Kg7 {[%clk 0:53:32]}
27. Qxd8 {[%clk 0:28:39]} Qd7 {[%clk 0:53:23]} 28. Qxd7+ {[%clk 0:27:17]} Nxd7
{[%clk 0:53:41]} 29. Nf1 {[%clk 0:25:01]} f5 {[%clk 0:52:52]} 30. Nd2 {[%clk
0:21:29]} Nc5 {[%clk 0:52:18]} 31. Kf1 {[%clk 0:19:37]} b6 {[%clk 0:47:00]} 32.
Ke2 {[%clk 0:17:18]} Kf6 {[%clk 0:45:42]} 33. b4 {[%clk 0:08:21]} Nb7 {[%clk
0:43:02]} 34. g3 {[%clk 0:01:17]} Nd6 {[%clk 0:40:14]} 35. h4 {[%clk 0:01:26]}
Nb5 {[%clk 0:39:10]} 36. Nb1 {[%clk 0:01:55]} Nd6 {[%clk 0:38:31]} 37. Ke3 {[%clk
0:01:05]} Bd7 {[%clk 0:35:05]} 38. exf5 {[%clk 0:01:05]} gxf5 {[%clk 0:34:11]}
39. f4 {[%clk 0:01:07]} Bc6 {[%clk 0:34:00]} 40. Nd2 {[%clk 0:31:00]} Bd5 {[%clk
1:04:15]} 41. a4 {[%clk 0:30:39]} Bc6 {[%clk 0:59:25]} 42. fxe5+ {[%clk 0:21:43]}
Kxe5 {[%clk 0:59:35]} 43. Nf3+ {[%clk 0:22:10]} Bxf3 {[%clk 0:52:13]} 44. Kxf3
{[%clk 0:22:32]} Ne8 {[%clk 0:52:40]} 45. g4 {[%clk 0:17:02]} fxg4+ {[%clk
0:51:16]} 46. Kxg4 {[%clk 0:17:29]} Nf6+ {[%clk 0:49:21]} 47. Kg5 {[%clk
0:17:46]} a6 {[%clk 0:49:21]} 48. Bf5 {[%clk 0:06:03]} Ne4+ {[%clk 0:31:47]} 49.
Bxe4 {[%clk 0:05:50]} Kxe4 {[%clk 0:32:10]} 50. h5 {[%clk 0:06:14]} Kd3 {[%clk
0:32:32]} 51. h6 {[%clk 0:06:37]} Kxc3 {[%clk 0:33:00]} 52. h7 {[%clk 0:06:46]}
Kxb4 {[%clk 0:33:12]} 53. h8Q {[%clk 0:07:02]} Kxa4 {[%clk 0:33:23]} 54. Qa1+
{[%clk 0:05:18]} Kb4 {[%clk 0:33:10]} 55. Qb2+ {[%clk 0:04:54]} Kc5 {[%clk
0:33:35]} 56. Kf4 {[%clk 0:05:18]} b5 {[%clk 0:33:34]} 57. Ke4 {[%clk 0:05:42]}
a5 {[%clk 0:33:45]} 58. Qa3+ {[%clk 0:06:02]} 1-0

[Event "Baku Chess Olympiad | Open"]
[Site "chess24.com"]
[Date "2016.09.04"]
[Round "3"]
[White "Mapini, Otsile"]
[Black "Garcia Guerrero, Isaac Antonio"]
[Result "0-1"]
[Board "3"]
[WhiteID "11304553"]
[WhiteElo "1972"]
[WhiteCountry "BOT"]
[WhiteFideId "11304553"]
[WhiteEloChange "-3"]
[BlackID "5110475"]
[BlackElo "2308"]
[BlackTitle "FM"]
[BlackCountry "MEX"]
[BlackFideId "5110475"]
[BlackEloChange "3"]

1. d4 {[%clk 1:30:56]} Nf6 {[%clk 1:30:50]} 2. c4 {[%clk 1:31:21]} e6 {[%clk
1:31:14]} 3. Nf3 {[%clk 1:31:34]} d5 {[%clk 1:31:19]} 4. Nc3 {[%clk 1:31:30]} Bb4
{[%clk 1:31:39]} 5. Bg5 {[%clk 1:31:31]} Nbd7 {[%clk 1:30:06]} 6. e3 {[%clk
1:30:48]} c5 {[%clk 1:29:18]} 7. cxd5 {[%clk 1:30:06]} exd5 {[%clk 1:29:32]} 8.
Bd3 {[%clk 1:27:48]} Qa5 {[%clk 1:28:39]} 9. Qc1 {[%clk 1:25:31]} c4 {[%clk
1:26:30]} 10. Bf5 {[%clk 1:25:31]} Ne4 {[%clk 1:24:01]} 11. O-O {[%clk 1:21:03]}
Bxc3 {[%clk 1:19:02]} 12. bxc3 {[%clk 1:21:24]} Ndc5 {[%clk 1:14:30]} 13. Bxc8
{[%clk 1:16:51]} Nd3 {[%clk 1:14:47]} 14. Qc2 {[%clk 1:02:30]} Rxc8 {[%clk
1:12:28]} 15. Bh4 {[%clk 1:02:30]} O-O {[%clk 1:09:17]} 16. Rab1 {[%clk 0:58:46]}
b5 {[%clk 1:05:35]} 17. Be7 {[%clk 0:58:47]} Qxc3 {[%clk 1:04:54]} 18. Qxc3
{[%clk 0:52:35]} Nxc3 {[%clk 0:59:45]} 19. Ra1 {[%clk 0:34:09]} Rfe8 {[%clk
0:58:43]} 20. Bd6 {[%clk 0:30:21]} b4 {[%clk 0:57:37]} 21. Ne1 {[%clk 0:26:32]}
a5 {[%clk 0:47:26]} 22. Nxd3 {[%clk 0:22:35]} cxd3 {[%clk 0:47:37]} 23. Bc5
{[%clk 0:22:22]} Rb8 {[%clk 0:46:18]} 24. Bd6 {[%clk 0:20:15]} Rb7 {[%clk
0:45:38]} 25. g3 {[%clk 0:17:41]} a4 {[%clk 0:44:21]} 26. a3 {[%clk 0:15:55]} b3
{[%clk 0:44:37]} 27. Bb4 {[%clk 0:16:18]} Rxb4 {[%clk 0:44:55]} 28. axb4 {[%clk
0:16:31]} b2 {[%clk 0:44:59]} 29. Ra3 {[%clk 0:12:50]} Ne2+ {[%clk 0:45:17]} 30.
Kg2 {[%clk 0:13:05]} Nc1 {[%clk 0:45:40]} 31. Rc3 {[%clk 0:12:12]} d2 {[%clk
0:45:48]} 32. Rc2 {[%clk 0:12:10]} b1Q {[%clk 0:46:00]} 33. Rxd2 {[%clk 0:12:28]}
a3 {[%clk 0:45:48]} 34. b5 {[%clk 0:12:39]} Rc8 {[%clk 0:45:18]} 35. b6 {[%clk
0:10:51]} Qxb6 {[%clk 0:44:53]} 0-1